Score 0/137 Timer 12:00
0 Plays Today
State City % Correct
ArizonaPhoenix
92.7%
CaliforniaLos Angeles
91.6%
IllinoisChicago
89.9%
IllinoisChicago
89.9%
CaliforniaSan Diego
87.7%
ArkansasLittle Rock
87.2%
CaliforniaSan Francisco
87.2%
AlaskaAnchorage
86.6%
FloridaMiami
85.5%
AlabamaBirmingham
84.4%
FloridaOrlando
84.4%
FloridaOrlando
84.4%
IndianaIndianapolis
83.8%
New YorkNew York
83.2%
New YorkNew York
83.2%
LouisianaNew Orleans
82.7%
MainePortland
82.7%
OregonPortland
82.7%
TexasDallas
82.1%
ColoradoDenver
81.6%
IowaDes Moines
81.6%
MichiganDetroit/Romulus
81.6%
PennsylvaniaPhiladelphia
81.6%
TexasDallas-Fort Worth
81.6%
MassachusettsBoston
81%
PennsylvaniaPittsburgh
81%
OhioCleveland
80.4%
AlaskaJuneau
79.9%
OklahomaOklahoma City
79.9%
CaliforniaSacramento
79.3%
TexasHouston
79.3%
ArizonaTucson
78.8%
KentuckyCovington
78.8%
MississippiJackson
78.8%
OhioColumbus
78.8%
GeorgiaAtlanta
78.2%
MarylandBaltimore/Glen Burrie
78.2%
MissouriKansas City
78.2%
FloridaTampa
77.7%
HawaiiHonolulu
77.7%
TexasHouston
77.7%
CaliforniaSan Jose
76.5%
NevadaLas Vegas
74.3%
WashingtonSeattle(SeaTac)
74.3%
AlaskaFairbanks
73.7%
LouisianaBaton Rouge
73.7%
State City % Correct
New JerseyNewark
73.7%
CaliforniaOakland
73.7%
New YorkBuffalo
73.2%
FloridaJacksonville
72.1%
MinnesotaMinneapolis
72.1%
TennesseeMemphis
72.1%
KentuckyLouisville
71.5%
TexasSan Antonio
70.9%
Virginia**Washington, D.C.
70.9%
IdahoBoise
70.4%
North CarolinaCharlotte
69.8%
TennesseeNashville
69.8%
MissouriSt. Louis
69.3%
New YorkAlbany
69.3%
Virginia**Washington, D.C.
68.7%
North CarolinaRaleigh
68.2%
OklahomaTulsa
68.2%
TexasAustin
68.2%
UtahSalt Lake City
66.5%
NevadaReno
65.9%
WisconsinMilwaukee
65.9%
MissouriSpringfield
64.8%
South CarolinaNorth Charleston
64.8%
KentuckyLexington
64.2%
ColoradoColorado Springs
63.7%
TexasEl Paso
63.1%
NebraskaOmaha
62.6%
OhioAkron
61.5%
VirginiaRichmond
60.9%
KansasWichita
60.3%
New YorkRochester
60.3%
New YorkSyracuse
60.3%
OhioDayton
60.3%
FloridaFort Lauderdale
59.8%
FloridaTallahassee
59.8%
MichiganGrand Rapids
58.7%
New MexicoAlbuquerque
58.1%
WisconsinMadison
57.5%
GeorgiaSavannah
57%
PennsylvaniaHarrisburg
57%
LousianaShreveport
55.9%
South CarolinaWest Columbia
55.9%
CaliforniaFresno
54.7%
CaliforniaSanta Ana
54.2%
New HampshireManchester
53.1%
CaliforniaLong Beach
52.5%
State City % Correct
MontanaBillings
52.5%
MaineBangor
52%
TennesseeKnoxville
50.3%
AlabamaHuntsville
47.5%
CaliforniaOntario
47.5%
WisconsinGreen Bay
46.9%
North CarolinaGreensboro
46.4%
South DakotaSioux Falls
46.4%
VirginiaNorfolk
46.4%
CaliforniaBurbank
45.8%
TexasLubbock
45.8%
VermontBurlington
45.3%
WashingtonSpokane
44.7%
IndianaSouth Bend
43.6%
ArkansasFayetteville
43%
FloridaFort Myers
41.9%
FloridaWest Palm Beach
41.9%
IowaCedar Rapids
40.8%
MississippiGulfport/Biloxi
40.8%
New JerseyAtlantic City
40.8%
TexasAmarillo
40.2%
TexasCorpus Christi
40.2%
HawaiiHilo
39.7%
MichiganFlint
36.9%
PennsylvaniaAllentown
36.9%
CaliforniaSanta Barbara
35.2%
CaliforniaPalm Springs
34.6%
South Carolina*Three Miles of Greer
34.6%
FloridaPensacola
34.1%
IllinoisMoline
34.1%
South CarolinaMyrtle Beach
34.1%
New YorkIslip
31.3%
HawaiiKailui/Kona
29.1%
New YorkWhite Plains
26.8%
FloridaSarasota/Bradenton
26.3%
TexasMidland
23.5%
HawaiiLihue
21.8%
VirginiaNewport News
19.6%
HawaiiKahului
19%
ArizonaGrand Canyon/Tusayan
17.9%
Rhode IslandProvidence/WarwickProvidence
16.2%
New YorkIthaca
14.5%
TexasMcAllen
11.2%
TexasHarlingen
10.6%
ConnecticutWindsor Locks
9.5%
Remove Ads.
Support Sporcle.
Get the best of Sporcle when you Go Orange. This ad-free experience offers more features, more stats, and more fun while also helping to support Sporcle. Thank you for becoming a member.

You're not logged in!

Compare scores with friends on all Sporcle quizzes.
OR
Log In

Show Comments

Extras

Top Quizzes Today


Score Distribution

Your Account Isn't Verified!

In order to create a playlist on Sporcle, you need to verify the email address you used during registration. Go to your Sporcle Settings to finish the process.

Report this User

Report this user for behavior that violates our Community Guidelines.

Details: